| 000 | 00513nam a22001457a 4500 | ||
|---|---|---|---|
| 005 | 20120322152422.0 | ||
| 020 |
_a8187877057 _c40.00 |
||
| 035 | _aB-88313 | ||
| 037 |
_aDPL _bENG |
||
| 245 |
_aBhartreehuri's Vairagya Shatak / _crev. and edited by S.K. Bhatia |
||
| 260 |
_aNew Delhi _bGita Enterprises _c2001 |
||
| 300 |
_a23p. _c20 cms. |
||
| 942 |
_2ddc _cEN _h181.45 _mBHA |
||
| 999 |
_c64269 _d64269 |
||